• 首页
  • 本馆介绍
  • 公告通知
  • 最新文献
  • 馆藏检索
  • 电子资源
  • 读者导购
  • 参考咨询
  • 我的图书馆
  • 登录
  • 详细信息显示
  • 放入我的书架
  • 预约/预借图书
  • 作者相关作品
  • 分类相关作品
  • 丛书相关作品
  • 出版社相关作品

书目信息

  • 表格格式
  • 工作单格式
  • 卡片格式
题名:
为什么美国没有社会主义
    
 
作者: 桑巴特 著 ;王明璐 译
分册:  
出版信息: 上海   上海人民出版社  2005
页数: 179页
开本: 19cm
丛书名: 世纪人文系列丛书
单 册:
中图分类: D771.22
科图分类:
主题词: 政治制度 , 政治制度--研究--美国
电子资源:
ISBN: 7-208-05230-1
000 01091oam2 2200289 450
001 002983119
005 20061107103210.26
010    @a7-208-05230-1@dCNY15.00
100    @a20050815d2005 em y0chiy0110 ea
101 1  @achi@cger
102    @aCN@b310000
105    @ay z 000yy
200 1  @a为什么美国没有社会主义@9wei shen me mei guo mei you she hui zhu yi@f(德)维尔纳·桑巴特(Werner Sombart)著@g王明璐译
210    @a上海@c上海人民出版社@d2005
215    @a179页@d19cm
225 2  @a世纪人文系列丛书@i袖珍经典
312    @a德文原名:Wanlm gibt es in den Vereinigten Staaten keinen Sozialismus
330    @a本书研究了美国社会主义运动,全书共三部分,内容包括工人的政治地位、工人的经济状况以及工人的社会地位等。
462  0 @12001 @a袖珍经典
510 1  @aWanlm Gibt es in den Vereinigten Staaten Keinen Sozialismus@zger
606 0  @a政治制度
606 0  @a政治制度@x研究@y美国
690    @aD771.22@v4
701  0 @c(德)@a桑巴特@9sang ba te@c(Sombart, Werner@f1863~1941)@4著
702  0 @a王明璐@9wang ming lu@4译
801  0 @aCN@bNLC@c20061107
905    @a10447@dD771.22@e287
    
    为什么美国没有社会主义/(德)维尔纳·桑巴特(Werner Sombart)著/王明璐译.-上海:上海人民出版社,2005
    179页;19cm.-(世纪人文系列丛书.袖珍经典)
    
    
    ISBN 7-208-05230-1:CNY15.00
    本书研究了美国社会主义运动,全书共三部分,内容包括工人的政治地位、工人的经济状况以及工人的社会地位等。
●
相关链接 在E读中查询图书 在五车中查询图书 在当当中查询图书 在豆瓣中查询图书


正题名:为什么美国没有社会主义     索取号:D771.22/287         预约/预借

序号 登录号 条形码 馆藏地/架位号 状态 备注
1 0382442   203824424   第一样本阅览室/ [索取号:D771.22/287] 在馆    
2 0382443   203824433   第一借阅区/ [索取号:D771.22/287] 在馆    
3 0382444   203824442   第一借阅区/ [索取号:D771.22/287] 在馆    
4 0382445   203824451   第一借阅区/ [索取号:D771.22/287] 在馆    
5 0382446   203824460   第一借阅区/ [索取号:D771.22/287] 在馆    
唐山师范学院图书馆 欢迎您!
大连网信软件有限公司© 版权所有